| 000 | 00356nam a22001337a 4500 | ||
|---|---|---|---|
| 040 | _cNust | ||
| 082 |
_a005.42 _bSIL |
||
| 100 |
_aAbraham Silberchatz _9127495 |
||
| 245 | _aOperating system concepts | ||
| 250 | _a6th edition | ||
| 260 |
_aNew York: _bJohn Willey and sons Inc, _c2002. |
||
| 650 |
_aOperating system concepts _960033 |
||
| 942 |
_2ddc _cBK |
||
| 999 |
_c612609 _d612609 |
||